Actas coloquios nacionales de sistemas dinámicos 1990
Gardado en:
| Autor Principal: | |
|---|---|
| Formato: | Libro |
| Idioma: | Lingua castelá |
| Publicado: |
Santiago
USACH
1991
|
| Subjects: | |
| Tags: |
Engadir etiqueta
Sen Etiquetas, Sexa o primeiro en etiquetar este rexistro!
|
MARC
| LEADER | 00000nam a2200000 a 4500 | ||
|---|---|---|---|
| 001 | UCW1155 | ||
| 003 | CL-VaPUC | ||
| 008 | 911015e19910000CL |||||||||||||||||spa|d | ||
| 082 | 0 | 4 | |a 515.35 |b PLA |2 21 |
| 100 | |a Plaza Salinas, Sergio |e autor |9 305067 | ||
| 245 | 1 | 0 | |a Actas coloquios nacionales de sistemas dinámicos 1990 |
| 300 | |a 170 p | ||
| 942 | |c BK | ||
| 945 | |d 19911015 00:00:00 | ||
| 260 | |a Santiago |b USACH |c 1991 | ||
| 650 | 0 | |a Sistemas dinámicos diferenciales |9 263372 | |
| 583 | |a last modification |c 20120528 11:39:10 |k Rodrigo Vera | ||
| 999 | |c 216091 |d 216089 | ||